00354nam a2200121Ia 4500003000400000005001700004008004100021040001800062041000800080100004500088245006500133260003400198OSt20260129121755.0211028s2018 xx 000 0 und d cAIMIT LIBRARY aeng aNoronha, Michael; Dhananjaya K.g1616106 aStudy on consumer perception towards bricks and interlocks / aMangalorebDhananjay K.c2018